Automata and languages /
Gespeichert in:
| 1. Verfasser: | |
|---|---|
| Format: | Buch |
| Sprache: | Englisch |
| Veröffentlicht: |
Oxford :
Clarendon Press,
1991
|
| Ausgabe: | 1.ed. |
| Schlagworte: | |
| Tags: |
Keine Tags, Fügen Sie das erste Tag hinzu!
|
MARC
| LEADER | 00000nam a22000003a 4500 | ||
|---|---|---|---|
| 001 | stu2153 | ||
| 005 | 20150617225619.2 | ||
| 008 | 920724s1991----uk------------------eng-d | ||
| 020 | |a 0-19-853442-6 | ||
| 040 | |a STU |b slo | ||
| 041 | 0 | |a eng | |
| 044 | |a uk | ||
| 080 | |a 519.713+519.682 | ||
| 100 | 1 | |a Howie, John M |4 aut | |
| 245 | 1 | |a Automata and languages / |c [aut.] Howie,John M | |
| 250 | |a 1.ed. | ||
| 260 | |a Oxford : |b Clarendon Press, |c 1991 | ||
| 300 | |a 294 s | ||
| 650 | 7 | |a automaty |2 stusub | |
| 650 | 7 | |a programovacie jazyky |2 stusub | |
| 996 | |b 284EK06756 |c E*76800 |l EE01 |s A |a 24 |w stu2153_0001 | ||